| 000 | 01000nam a2200253Ia 4500 | ||
|---|---|---|---|
| 003 | OSt | ||
| 005 | 20250808123005.0 | ||
| 008 | 191128s9999 xx gr 000 j spa d | ||
| 020 | _a9789588997391 | ||
| 040 |
_aCO-JMCR _cCO-JMCR |
||
| 041 | _aspa | ||
| 082 | 0 | 4 |
_aC _bPERp |
| 100 | 1 |
_aPerrault, Charles, _d1628-1703 _eautor _94493 |
|
| 245 | 0 |
_aPiel de asno y otros cuentos / _cCharles Perrault ; traductor Mateo Cardona Vallejo; ilustradora Eva Giraldo. |
|
| 250 | _aPrimera edición | ||
| 260 |
_aBogota : _bAlcaldía Mayor de Bogotá ; Instituto Distrital de las Artes, _c©2017 |
||
| 300 |
_a111 páginas ; _c17 cm. |
||
| 490 | 0 | _aLibro al viento | |
| 505 | _aPerraut, salvado del olvido -- Año Colombia-Francia 2017 -- Piel de asno -- Cenicienta -- Pulgarcito -- La bella durmiente del bosque -- Las hadas -- Riquet, el del copete | ||
| 650 | 1 | 4 |
_aCuentos _94494 |
| 700 |
_aCardona Valejo, Mateo, _etraductor _94495 |
||
| 700 |
_aGiraldo, Eva, _eilustradora _9845 |
||
| 942 |
_2ddc _cBK |
||
| 999 |
_c3316 _d3316 |
||